Tìm hiểu tiến trình văn học dân gian Việt Nam /
Enregistré dans:
| Auteur principal: | |
|---|---|
| Format: | Sách giấy |
| Langue: | Vietnamese |
| Publié: |
Hà Nội :
Khoa học Xã hội ,
1976
|
| Tags: |
Ajouter un tag
Pas de tags, Soyez le premier à ajouter un tag!
|
| Thư viện lưu trữ: | Thư viện Trường Đại học Đà Lạt |
|---|
| LEADER | 00569nam a2200229 4500 | ||
|---|---|---|---|
| 001 | DLU020010337 | ||
| 005 | ##11/24/1999 | ||
| 041 | # | # | |a vie |
| 082 | # | # | |a 895.922 |b CA-D |
| 100 | # | # | |a Cao Huy Đỉnh |
| 245 | # | # | |a Tìm hiểu tiến trình văn học dân gian Việt Nam / |c Cao Huy Đỉnh |
| 260 | # | # | |a Hà Nội : |b Khoa học Xã hội , |c 1976 |
| 300 | # | # | |a 426 tr.; |c 19 cm. |
| 992 | # | # | |a 29500 |
| 994 | # | # | |a DLU |
| 900 | # | # | |a False |
| 911 | # | # | |a Administrator |
| 925 | # | # | |a G |
| 926 | # | # | |a A |
| 927 | # | # | |a SH |
| 980 | # | # | |a Thư viện Trường Đại học Đà Lạt |